Advances in pollen-spore research : (Record no. 57573)
[ view plain ]
| 000 -LEADER | |
|---|---|
| fixed length control field | 00896nam a2200265 a 4500 |
| 001 - CONTROL NUMBER | |
| control field | 57573 |
| 003 - CONTROL NUMBER IDENTIFIER | |
| rucl marc code | BD-RjUL |
| 005 - DATE AND TIME OF LATEST TRANSACTION | |
| control field | 20211209080530.0 |
| 008 - FIXED-LENGTH DATA ELEMENTS--GENERAL INFORMATION | |
| fixed length control field | 161210m19759999ii b 001 0 eng |
| 035 ## - SYSTEM CONTROL NUMBER | |
| System control number | (BD-RjUL)57697 |
| 040 ## - CATALOGING SOURCE | |
| Original cataloging agency | DLC |
| Transcribing agency | DLC |
| Modifying agency | EQO |
| Language of cataloging | eng |
| 041 ## - LANGUAGE CODE | |
| Language code of text/sound track or separate title | eng |
| 082 ## - DEWEY DECIMAL CLASSIFICATION NUMBER | |
| Classification number | 561.13 |
| Edition number | 23 |
| Author mark and year | ADV 1975 |
| 245 00 - TITLE STATEMENT | |
| Title | Advances in pollen-spore research : |
| Remainder of title | being a continuation of Advances in palynology / |
| Statement of responsibility, etc. | edited by P. K. K. Nair. |
| 250 ## - EDITION STATEMENT | |
| Edition statement | 1st ed. |
| 260 ## - PUBLICATION, DISTRIBUTION, ETC. (IMPRINT) | |
| Place of publication, distribution, etc. | New Delhi : |
| Name of publisher, distributor, etc. | Published under the auspices of the East Asian Palynological Association by To-day & To-morrow's Printers and Publishers, |
| Date of publication, distribution, etc. | 1975 |
| 300 ## - PHYSICAL DESCRIPTION | |
| Pagination | v. ; |
| Size | 25 cm. |
| 505 ## - FORMATTED CONTENTS NOTE | |
| Formatted contents note | V.1 -- |
| 650 #0 - SUBJECT ADDED ENTRY--TOPICAL TERM | |
| Topical term or geographic name as entry element | Palynology. |
| 9 (RLIN) | 170929 |
| Topical term or geographic name as entry element | Pollen. |
| 9 (RLIN) | 170958 |
| Topical term or geographic name as entry element | Plant spores |
| 9 (RLIN) | 170930 |
| 700 1# - ADDED ENTRY--PERSONAL NAME | |
| Personal name | Nair, P. K. K. |
| Fuller form of name | (Parameswaran Krishnan Kutty), |
| Dates associated with a name | 1930- |
| 942 ## - ADDED ENTRY ELEMENTS (KOHA) | |
| Source of classification or shelving scheme | Dewey Decimal Classification |
| Koha item type | Books |
| Lost status | Source of classification or shelving scheme | Damaged status | Not for loan | Collection code | Permanent Location | Current Location | Shelving location | Date acquired | Total Checkouts | Full call number | Date last seen | Copy number | Koha item type |
|---|---|---|---|---|---|---|---|---|---|---|---|---|---|
| Dewey Decimal Classification | Non-fiction | Central Library, University of Rajshahi | Central Library, University of Rajshahi | 06/12/1983 | 561.13 ADV V-1 1975 | 10/12/2016 | C-2 | Books | |||||
| Dewey Decimal Classification | Non-fiction | Central Library, University of Rajshahi | Central Library, University of Rajshahi | 06/12/1983 | 561.13 ADV V-1 1975 | 10/12/2016 | C-3 | Books |